000 00905nam a2200253 a 4500
001 000017821
003 DO-SdBNP
005 20250307073709.0
007 ta
008 100406s1992 dr 000 e spa d
040 _aDO-SdBNP
_bspa
_cBNPHU
_erda
041 _hspa
082 _aRD864.44
_bD948zf
_222
100 1 _aDurán, Diony
_924537
245 1 3 _aLa flecha de anhelo /
_cDiony Durán ; presentación Raymundo Amaro Gúman.
260 _a[Santo Domingo :
_bComisión Organizadora Permanente de la Feria Nacional del Libro,
_c1992].
300 _a288 páginas;
_c21 cm.
504 _aIncluye referencias bibliográficas y notas al pie de las páginas
504 _aIncluye bibliografías : p. 266-288
600 1 0 _aHenríquez Ureña, Pedro,
_d1884-1946
_xCrítica e interpretación
_91718
650 0 _aEnsayos dominicanos
_965
700 1 _aAmaro Guzmán, Raymundo
_9656
942 _2ddc
_cLBS1
999 _c17345
_d17345